000 01122nam a22003377a 4500
003 CHAP
005 20220329140531.0
008 971013s1984 r 00010 d
010 _a53470
011 _a54442
035 _a58593
040 _cCHAP
082 _a530
_bW47Y
100 0 0 _aWells, Dare A.
_9121439
245 _aTeoría y problemas de física para ingeniería y ciencias
260 _aMéxico, D.F. :
_bMcGraw-Hill,
_c1984
300 _a384 p.
_b: ilus.
490 _aSerie compendios Schaum
590 _aBATCH-UPD
_b10
_c20130109
_lUCH01
_h2328
590 _aBATCH-UPD
_b10
_c20130110
_lUCH01
_h0506
590 _aBATCH-UPD
_b10
_c20130410
_lUCH01
_h0144
590 _aBATCH-UPD
_b10
_c20130914
_lUCH01
_h1422
590 _aCONVERSION
_b10
_c20130109
_lUCH01
_h1329
650 1 4 _aFísica.
_941975
700 0 _aSlusher, Harold S.
_9106898
830 0 _aSerie compendios Schaum
_9104659
901 _aBK
942 _cLIBRO
949 _a530 W47Y
_bBC
_cLIBRO
_d33724000283917
_eLIBRO
_gI.142949
_h74101
_i58593
_mDir
_si
949 _a530 W47Y
_bBC
_cLIBRO
_d33724000731048
_eLIBRO
_fc.2
_gI.142950
_h74102
_i58593
_mDir
_si
999 _c53470
_d53470